Διατήρηση και προστασία της βιοποικιλότητας
Αποθηκεύτηκε σε:
| Άλλοι συγγραφείς: | |
|---|---|
| Μορφή: | Βιβλίο |
| Γλώσσα: | Greek English |
| Δημοσίευση: |
Αθήνα :
αεί,
2007. .
|
| Θέματα: | |
| Ετικέτες: |
Προσθήκη ετικέτας
Δεν υπάρχουν, Καταχωρήστε ετικέτα πρώτοι!
|
MARC
| LEADER | 00000cam a2200000 i 4500 | ||
|---|---|---|---|
| 001 | 1/32192 | ||
| 008 | 130620s2007 gr | ||| |||| ||gre|| | ||
| 020 | |a 9789608771451 | ||
| 035 | |l 10114872 | ||
| 040 | |a GR-MyUA |b gre |e AACR2 | ||
| 041 | 1 | |a gre |h eng | |
| 082 | 0 | |a 333.9516 |2 (22) | |
| 245 | 1 | 0 | |a Διατήρηση και προστασία της βιοποικιλότητας / |c Richard Primack ...[κ.α.] . |
| 260 | |a Αθήνα : |b αεί, |c 2007. . | ||
| 300 | |a 470 σ. : |b εικ. ; |c 21 εκ. | ||
| 500 | |a Μετάφραση της 3ης αγγλικής έκδοσης 2004. | ||
| 650 | 0 | 0 | |a Conservation biology. |
| 700 | 1 | |a Primack, Richard B., |d 1950- | |
| 765 | 0 | 8 | |i Μετάφραση του: |t A primer of conservation biology / |
| 852 | |a INST |b LEMNOS |c EUDOXUS |e 20160527 |h 333.9516 ΔΙΑ |p 005600001261 |q 005600001261 |t EDX |y 0 | ||
| 852 | |a INST |b LEMNOS |c EUDOXUS |e 20160119 |h 333.9516 ΔΙΑ |p 005600001333 |q 005600001333 |t EDX |y 0 | ||
| 852 | |a INST |b LEMNOS |c EUDOXUS |e 20150202 |h 333.9516 ΔΙΑ |p 005600001536 |q 005600001536 |t EDX |y 0 | ||
| 852 | |a INST |b LEMNOS |c EUDOXUS |e 20150202 |h 333.9516 ΔΙΑ |p 005600001537 |q 005600001537 |t EDX |y 0 | ||
| 852 | |a INST |b LESVOS |c EUDOXUS |e 20130620 |h 333.9516 ΔΙΑ |p 005100052391 |q 005100052391 |t EDX |y 0 | ||
| 852 | |a INST |b LESVOS |c EUDOXUS |e 20130620 |h 333.9516 ΔΙΑ |p 005100052397 |q 005100052397 |t EDX |y 0 | ||
| 852 | |a INST |b LESVOS |c EUDOXUS |e 20130620 |h 333.9516 ΔΙΑ |p 005100052406 |q 005100052406 |t EDX |y 0 | ||
| 901 | |a BIBL1-2013-2 | ||
| 901 | |a BIBL6-2015-1 | ||
| 909 | |a Λ |b 179346 | ||
| 909 | |a Λ |b 179345 | ||
| 909 | |a Λ |b 179344 | ||
| 909 | |a Μ |b 161542 | ||
| 909 | |a Μ |b 161543 | ||
| 920 | |a Εύδοξος |b Παραγγελία |y Λέσβος-ΤΠ |z 2013-04 | ||
| 920 | |a Εύδοξος |b Παραγγελία |y Λήμνος-ΤΕΤΔ |z 2015-01 | ||
| 920 | |a Εύδοξος |b Παραγγελία |y Λήμνος-ΤΕΤΔ |z 2016-01 | ||
| 920 | |a Εύδοξος |b Παραγγελία |y Λήμνος-ΤΕΤΔ |z 2016-05 | ||
| 970 | |a ΤΖΑΦΕΡΗ |b ΕΥΑΓΓΕΛΙΑ |z 2013/06/20 | ||